Ideología y utopía
Guardat en:
| Autors principals: | , |
|---|---|
| Format: | Llibre |
| Idioma: | espanyol |
| Publicat: |
Barcelona, España.
Gedisa,
1989
|
| Col·lecció: | Filosofía. Política
|
| Matèries: | |
| Etiquetes: |
Afegir etiqueta
Sense etiquetes, Sigues el primer a etiquetar aquest registre!
|
MARC
| LEADER | 00000cam a2200000 a 4500 | ||
|---|---|---|---|
| 001 | UCX1890 | ||
| 003 | CL-VaPUC | ||
| 005 | 20250313110307.0 | ||
| 008 | 901114e19890000SP |||||||||||||||||spa|d | ||
| 999 | |c 223024 |d 223022 | ||
| 020 | |a 8474323363 | ||
| 040 | |c Pontificia Universidad Católica de Valparaíso | ||
| 082 | 0 | 4 | |a 320.5 RIC 1989 |2 21 |
| 100 | 0 | |a Ricoeur, Paul |e author |9 446 | |
| 245 | 1 | 0 | |a Ideología y utopía |
| 260 | |a Barcelona, España. |b Gedisa, |c 1989 | ||
| 300 | |a 355 páginas | ||
| 440 | |a Filosofía. |p Política |9 857090 | ||
| 583 | |a last modification |c 20140121 06:39:31 |k Rodrigo Vera | ||
| 650 | 0 | |a Ideología |2 CL-VaPUC |9 255854 | |
| 650 | 0 | |a Filosofía política |9 295215 | |
| 700 | 0 | |a Taylor, George H |e author |9 317595 | |
| 852 | |a BIBGIM | ||
| 942 | |c BK |2 ddc | ||
| 945 | |d 19901114 00:00:00 | ||
| 952 | |0 0 |1 0 |2 ddc |4 0 |6 320_500000000000000_RIC_1989 |7 0 |8 A |9 128469 |a BIBGIM |b BIBGIM |d 2019-10-17 |e 2 |g 34509.00 |i 5564913 |l 8 |m 1 |o 320.5 RIC 1989 |p 5564913 |r 2025-03-27 |s 2025-03-20 |v 34509.00 |w 2019-10-17 |y BK | ||
| 952 | |0 0 |1 0 |2 ddc |4 0 |6 320_500000000000000_RIC_1989 |7 0 |8 A |9 128470 |a BIBGIM |b BIBGIM |d 2019-10-17 |e 2 |g 34509.00 |i 5564921 |l 10 |m 1 |o 320.5 RIC 1989 |p 5564921 |q 2025-05-12 |r 2025-05-05 |s 2025-05-05 |v 34509.00 |w 2019-10-17 |y BK | ||
| 952 | |0 0 |1 0 |3 erb |4 0 |6 320_500000000000000_RIC_1989 |7 0 |8 A |9 218414 |a BIBCUR |b BIBCUR |d 2019-11-15 |i 5011256 |l 1 |o 320.5 RIC 1989 |p 5011256 |r 2025-04-22 |s 2024-09-02 |w 2019-11-15 |y BK |z Catalogado en:20130930 |k PER | ||
| 952 | |0 0 |1 0 |3 erb |4 0 |6 320_500000000000000_RIC_1989 |7 0 |8 A |9 218415 |a BIBCUR |b BIBCUR |d 2019-11-15 |i 5011264 |l 1 |o 320.5 RIC 1989 |p 5011264 |r 2025-04-22 |s 2022-05-17 |w 2019-11-15 |y BK |z Catalogado en:20130930 |k PER | ||
| 952 | |0 0 |1 0 |3 erb |4 0 |6 320_500000000000000_RIC_1989 |7 0 |8 A |9 218416 |a FDOHBE |b FDOHBE |e Huesbe Llanos, Marco Antonio, 1934- |i 533215K |o 320.5 RIC 1989 |p 533215K |r 2024-01-30 |w 2019-11-15 |y BK |z Catalogado en:20160701 |k HBE | ||